| 000 | 01134nam a2200325 a 4500 | ||
|---|---|---|---|
| 003 | BLK | ||
| 005 | 20230916162347.0 | ||
| 008 | 180412b bul|||||r ||||||| ||bul|| | ||
| 010 | _aKNG00003480000 | ||
| 020 | _a954-427-133-3 | ||
| 040 | _aBLK | ||
| 041 |
_aBUL _cBUL |
||
| 080 |
_aАнглийска литература _b821.111 _x(94)-31 _z821.111(94)-31 |
||
| 100 | 1 |
_aКинийли, Томас _eпърви автор _9245868 |
|
| 139 |
_aКинийли, Томас _bK 54 |
||
| 245 | 1 | 0 |
_aСписъкът на Шиндлер _bРоман _cТомас Кинийли; прев. от англ. Росица Терзиева. |
| 257 | _aAUT | ||
| 260 |
_aВелико Търново _bАбагар _c1994 |
||
| 300 |
_a367 с. _c20 см |
||
| 380 | _aX | ||
| 500 | _aОриг. загл. Schindler's list / Thomas Keneally. | ||
| 700 | 1 |
_aТерзиева, Росица _eпрев. от англ. _9363458 |
|
| 852 |
_aЦб 177057 _bЦб |
||
| 856 | 4 |
_qpdf _u |
|
| 856 | 4 |
_qpdf _u |
|
| 942 |
_cKNG _n0 |
||
| 944 |
_aCR _c15.01.2003 _k30534 _lРадостина Карадакова |
||
| 944 |
_aED _c09.02.2011 |
||
| 999 |
_c2485 _d2485 |
||
| 999 | _d2485 | ||